La lechuza de Minerva : (Record no. 90160)

MARC details
000 -LEADER
campo de control de longitud fija 00912nam a2200253 i 4500
001 - NÚMERO DE CONTROL
campo de control 90160
003 - IDENTIFICADOR DE NÚMERO DE CONTROL
campo de control ES-MaACL
005 - FECHA Y HORA DE LA ÚLTIMA TRANSACCIÓN
campo de control 20250804062738.0
007 - CAMPO FIJO DE DESCRIPCIÓN FÍSICA--INFORMACIÓN GENERAL
campo de control de longitud fija t|
008 - DATOS DE LONGITUD FIJA--INFORMACIÓN GENERAL
campo de control de longitud fija 050119s1979 sp ||||1| spa d
245 03 - MENCIÓN DEL TÍTULO
Título La lechuza de Minerva :
Resto del título ¿que es filosofía? /
Mención de responsabilidad, etc. K.R. Popper [et al.] ; compilación e introducción de Charles J. Bontempo y S. Jack Odell ; [traducción del inglés de Carmen García-Trevijano et al.].
260 ## - PUBLICACIÓN, DISTRIBUCIÓN, ETC.
Lugar de publicación, distribución, etc. Madrid :
Nombre del editor, distribuidor, etc. Cátedra,
Fecha de publicación, distribución, etc. [1979]
300 ## - DESCRIPCIÓN FÍSICA
Extensión 264 p. ;
Dimensiones 21 cm.
490 1# - MENCIÓN DE SERIE
Mención de serie Teorema. Serie mayor
504 ## - NOTA DE BIBLIOGRAFÍA, ETC.
Nota de bibliografía, etc. Bibliografía: p. 263-264.
650 07 - PUNTO DE ACCESO ADICIONAL DE MATERIA--TÉRMINO DE MATERIA
Término de materia o nombre geográfico como elemento de entrada Filosofía
Fuente del encabezamiento o término embne
9 (RLIN) 12802
700 1# - ENTRADA AGREGADA--NOMBRE PERSONAL
Nombre de persona Bontempo, Charles J.
9 (RLIN) 30309
700 1# - ENTRADA AGREGADA--NOMBRE PERSONAL
Nombre de persona Odell, S. Jack.
9 (RLIN) 86519
700 1# - ENTRADA AGREGADA--NOMBRE PERSONAL
Nombre de persona García Trevijano, Carmen.
9 (RLIN) 55342
700 1# - ENTRADA AGREGADA--NOMBRE PERSONAL
Nombre de persona Popper, Karl Raimund.
9 (RLIN) 93108
830 0# - PUNTO DE ACCESO ADICIONAL DE SERIE-TÍTULO UNIFORME
Título uniforme Teorema. Serie mayor
9 (RLIN) 177809
852 ## - LOCALIZACIÓN
Ubicación ES-MaACL
Número de control de estantería A-10624
Sublocalización o colección R.99644
Holdings
Estatus retirado Estado de pérdida Estado de daño No para préstamo Biblioteca de origen Biblioteca actual Ubicación en estantería Fecha de adquisición Fuente de adquisición Total de préstamos Signatura topográfica completa Código de barras Visto por última vez Precio de reemplazo Tipo de ítem Koha
        Biblioteca del Ateneo de Madrid Biblioteca del Ateneo de Madrid Depósito 1 17/01/2008     A-10624 1094153 23/02/2023 23/02/2023 Libro impreso